Statistics for Cities by Airport Code - North America Edition

Click here to take the quiz!

General Stats

  • This quiz has been taken 18 times
  • The average score is 13 of 14

Answer Stats

CodeCity% Correct
BOSBoston
100%
LAXLos Angeles
100%
MEXMexico City
100%
JFKNew York City
100%
SFOSan Francisco
100%
SEASeattle
100%
ATLAtlanta
94%
HAVHavana
94%
YYZToronto
89%
ORDChicago
83%
YVRVancouver
83%
YULMontreal
78%
SJCSan Jose
78%
IADWashington DC
78%

Score Distribution

Percentile by Number Answered

Percent of People with Each Score

Your Score History

You have not taken this quiz